Skracujú cestu k nákupu
Rastúci trend presunu používateľov od stolových počítačov k mobilným telefónom a tabletom. Mobilné aplikácie ako nevyhnutná súčasť komunikácie firiem so zákazníkmi. Využitie mobilných aplikácií v rôznych segmentoch predaja a pre rôzne vekové skupiny. Aktuálne trendy na Slovensku a vo svete (Google P...
Na minha lista:
| Autor principal: | |
|---|---|
| Formato: | Capítulo de Livro |
| Idioma: | eslovaco |
| Assuntos: | |
| Tags: |
Sem tags, seja o primeiro a adicionar uma tag!
|
MARC
| LEADER | 00000naa a2200000 4500 | ||
|---|---|---|---|
| 001 | 0242778 | ||
| 005 | 20180511133525.3 | ||
| 041 | 0 | |a slo | |
| 044 | |a SK | ||
| 245 | 1 | 0 | |a Skracujú cestu k nákupu |c Michaela Petrášová |
| 520 | |a Rastúci trend presunu používateľov od stolových počítačov k mobilným telefónom a tabletom. Mobilné aplikácie ako nevyhnutná súčasť komunikácie firiem so zákazníkmi. Využitie mobilných aplikácií v rôznych segmentoch predaja a pre rôzne vekové skupiny. Aktuálne trendy na Slovensku a vo svete (Google Pay, My Lidl shop). | ||
| 610 | 2 | 0 | |a internetbanking |
| 610 | 2 | 0 | |a aplikácie mobilné |
| 610 | 2 | 0 | |a spokojnosť zákazníkov |
| 610 | 2 | 0 | |a obchod elektronický |
| 610 | 2 | 0 | |a technológie nové |
| 100 | 1 | |a Petrášová, Michaela | |